拼音X开头的中国县级行政区County-Level Regions Starts with Pinyin X in China - Statistics

General Stats
  • This quiz has been taken 52 times
    48 since last reset
  • The average score is 124 of 212
Answer Stats
答案 % Correct
西湖区(杭州市)
88%
西湖区(南昌市)
88%
襄城区
88%
襄城县
88%
相城区
88%
新安县
88%
西城区
85%
新城区(呼和浩特市)
85%
新城区(西安市)
85%
西安区(辽源市)
82%
西安区(牡丹江市)
82%
香洲区
82%
襄州区
82%
象山区
82%
象山县
82%
新洲区
82%
西山区
79%
霞浦县
79%
湘乡市
79%
孝南区
79%
兴宁区
79%
兴宁市
79%
秀山土家族苗族自治县
79%
西昌市
76%
锡山区
76%
夏县
76%
新河县
76%
新宁县
76%
薛城区
76%
西乡县
73%
咸安区
73%
湘潭县
73%
项城市
73%
忻府区
73%
新都区
73%
新华区(石家庄市)
73%
新华区(沧州市)
73%
新华区(平顶山市)
73%
新兴区
73%
新兴县
73%
新沂市
73%
兴义市
73%
雄县
73%
休宁县
73%
修水县
73%
旬阳市
73%
西固区
70%
西平县
70%
西青区
70%
息县
70%
习水县
70%
隰县
70%
献县
70%
新建区
70%
新津区
70%
新县
70%
新郑市
70%
荥阳市
70%
兴安区
70%
兴安县
70%
兴城市
70%
兴山区
70%
兴山县
70%
宣州区
70%
息烽县
67%
浠水县
67%
乡宁县
67%
芗城区
67%
萧县
67%
小店区
67%
新民市
67%
新乡县
67%
兴化市
67%
兴庆区
67%
西峰区
64%
仙居县
64%
仙桃市
64%
仙游县
64%
湘阴县
64%
祥符区
64%
翔安区
64%
孝昌县
64%
辛集市
64%
新昌县
64%
新丰县
64%
新化县
64%
新星市
64%
信州区
64%
兴仁市
64%
兴县
64%
叙州区
64%
浔阳区
64%
西沙区
61%
淅川县
61%
乡城县
61%
香河县
61%
向阳区(鹤岗市)
61%
向阳区(佳木斯市)
61%
新北区
61%
新宾满族自治县
61%
新密市
61%
新平彝族傣族自治县
61%
新邵县
61%
信宜市
61%
岫岩满族自治县
61%
旬邑县
61%
浚县
61%
西区
58%
西夏区
58%
霞山区
58%
相山区
58%
猇亭区
58%
孝义市
58%
谢家集区
58%
新乐市
58%
兴国县
58%
兴平市
58%
修文县
58%
叙永县
58%
溆浦县
58%
宣威市
58%
西充县
55%
西和县
55%
西陵区
55%
溪湖区
55%
湘东区
55%
襄汾县
55%
象州县
55%
新蔡县
55%
新抚区
55%
新绛县
55%
兴海县
55%
兴隆县
55%
徐水区
55%
宣化区
55%
玄武区
55%
逊克县
55%
西丰县
52%
西岗区
52%
西工区
52%
西华县
52%
西峡县
52%
西乡塘区
52%
喜德县
52%
下陆区
52%
湘桥区
52%
响水县
52%
萧山区
52%
新干县
52%
新荣区
52%
新市区
52%
新泰市
52%
信丰县
52%
行唐县
52%
兴文县
52%
兴业县
52%
修武县
52%
西市区
48%
夏津县
48%
夏邑县
48%
新晃侗族自治县
48%
新会区
48%
新野县
48%
兴宾区
48%
盱眙县
48%
循化撒拉族自治县
48%
西吉县
45%
西盟佤族自治县
45%
峡江县
45%
祥云县
45%
小金县
45%
新和县
45%
新吴区
45%
新源县
45%
兴和县
45%
秀洲区
45%
徐闻县
45%
寻甸回族彝族自治县
45%
寻乌县
45%
西林县
42%
昔阳县
42%
夏河县
42%
咸丰县
42%
襄都区
42%
襄垣县
42%
新龙县
42%
新田县
42%
秀峰区
42%
秀英区
42%
西畴县
39%
西秀区
39%
镶黄旗
39%
谢通门县
39%
新罗区
39%
新邱区
39%
信都区
39%
杏花岭区
39%
细河区
36%
宣汉县
36%
香坊区
33%
西塞山区
30%
忻城县
30%
秀屿区
30%
徐汇区
30%
锡林浩特市
24%
下花园区
24%
新巴尔虎右旗
24%
新巴尔虎左旗
24%
宣恩县
24%
香格里拉市
21%
西乌珠穆沁旗
18%
兴隆台区
6%
No matching quizzes found
Score Distribution
Percent of People with Each Score
Percentile by Number Answered
Your Score History
You have not taken this quiz since the last reset